Crisis of Governanace / (Record no. 154940)

MARC details
000 -LEADER
fixed length control field 00629nam a22002177a 4500
003 - CONTROL NUMBER IDENTIFIER
control field dpl
005 - DATE AND TIME OF LATEST TRANSACTION
control field 20180910124030.0
008 - FIXED-LENGTH DATA ELEMENTS--GENERAL INFORMATION
fixed length control field 180727b xxu||||| |||| 00| 0 eng d
010 ## - LIBRARY OF CONGRESS CONTROL NUMBER
LC control number B-39430
020 ## - INTERNATIONAL STANDARD BOOK NUMBER
International Standard Book Number 8186208259
Terms of availability 550.00
035 ## - SYSTEM CONTROL NUMBER
System control number B-093432, B093430
040 ## - CATALOGING SOURCE
Original cataloging agency DPL
Language of cataloging EN
Transcribing agency 0
082 ## - DEWEY DECIMAL CLASSIFICATION NUMBER
Classification number 320.011
Item number CRI
245 ## - TITLE STATEMENT
Title Crisis of Governanace /
Statement of responsibility, etc ed by Aftab Alam
260 ## - PUBLICATION, DISTRIBUTION, ETC. (IMPRINT)
Place of publication, distribution, etc Delhi
Name of publisher, distributor, etc Raj Publications
Date of publication, distribution, etc 2003
270 ## - ADDRESS
Address R-115/2, model town -iii
City Delhi
Postal code 110009
300 ## - PHYSICAL DESCRIPTION
Extent 274p.;
Dimensions 20cm
500 ## - GENERAL NOTE
General note includes Contributors and Index
700 ## - ADDED ENTRY--PERSONAL NAME
Personal name Alam, Aftab
942 ## - ADDED ENTRY ELEMENTS (KOHA)
Source of classification or shelving scheme Dewey Decimal Classification
Koha item type English Books
Classification part 320.011
Call number suffix CRI
Holdings
Withdrawn status Lost status Source of classification or shelving scheme Damaged status Not for loan Collection code Home library Current library Date acquired Source of acquisition Cost, normal purchase price Total Checkouts Full call number Barcode Date last seen Cost, replacement price Price effective from Koha item type
    Dewey Decimal Classification     Non-fiction Patel Nagar Patel Nagar 27/07/2018 BPPD/PUB 0.00   320.011 CRI B-093432 27/07/2018 0.00 27/07/2018 English Books
    Dewey Decimal Classification     Non-fiction Patel Nagar Patel Nagar 04/09/2018 BPPD/PUB 550.00   320.011 CRI B-093430 04/09/2018 550.00 04/09/2018 English Books

© Delhi Public Library
Hit Counter
free hit counter